Storytime action! : 2,000+ ideas for making 500 picture books interactive /

Bibliographic Details
Main Author: Bromann-Bender, Jennifer
Format: Book
Language:English
Published: New York : Neal Schuman Publishers, [2003]
Subjects:

MARC

Tag First Indicator Second Indicator Subfields
LEADER 00000cam a2200000Ia 4500
001 in00001770021
005 20151025073744.0
008 030422s2003 nyu b 001 0 eng d
010 |a  2002031994 
020 |a 155570459X 
035 |a (OCoLC)ocm52104138 
040 |a TEF  |c TEF  |d TXA  |d UtOrBLW 
049 |a TXAM 
050 4 |a Z718.2.U6  |b B76 2003 
100 1 |a Bromann-Bender, Jennifer. 
245 1 0 |a Storytime action! :  |b 2,000+ ideas for making 500 picture books interactive /  |c Jennifer Bromann. 
264 1 |a New York :  |b Neal Schuman Publishers,  |c [2003] 
264 4 |c ©2003 
300 |a xi, 295 pages ;  |c 23 cm. 
336 |a text  |b txt  |2 rdacontent 
337 |a unmediated  |b n  |2 rdamedia 
338 |a volume  |b nc  |2 rdacarrier 
504 |a Includes bibliographical references and indexes. 
650 0 |a Children's libraries  |x Activity programs  |z United States. 
650 0 |a School libraries  |x Activity programs  |z United States. 
650 0 |a Storytelling  |z United States. 
650 0 |a Picture books for children  |z United States  |v Bibliography. 
948 |a cataloged  |b h  |c 2003/6/25  |d c  |e jgreene  |f 3:02:37 pm 
994 |a E0  |b TXA 
999 |a MARS 
999 f f |s 88bf76aa-5357-38a1-85d1-90354cb2eee1  |i e3d9b964-6875-3d26-845e-27716cfef540  |t 0 
952 f f |p ric  |a Texas A&M University  |b Rellis Campus  |c Joint Library Facility  |d Remote Storage  |t 0  |e Z718.2.U6 B76 2003  |h Library of Congress classification  |i unmediated -- volume  |m A14830376268 
998 f f |a Z718.2.U6 B76 2003  |t 0  |l Remote Storage